000 00625nam a2200253Ia 4500
003 OSt
005 20221005124913.0
006 a|||||r|||| 00| 0
007 ta
008 221004b |||||||| |||| 00| 0 tam d
024 _a47878
037 _cTextual
040 _aCRL
_cCRL
_btam
041 _2tam
_atam
082 _aO31,1xG5, K5
100 _aVenba Chiladai Au.
_9635938
245 0 _aNoorkkoththu
260 _c1965
300 _a46p.
_ccm.
650 _a TAMIL POETRY
650 _aTAMIL LITERATURE
942 _hO31,1xG5, K5
_cTEXL
_2cc
999 _c1052074
_d1052074